00431pab a2200145 454500008004000000100002200040245010700062260000900169300001300178362001200191650003000203650002200233700001800255773001200273180718b2014 xxu||||| |||| 00| 0 eng d aKhatua, Sitangshu aIndication of over reaction with or without stock specific public announcements in Indian stock market c2014 ap.35-49. aJul-Sep aFinancial markets - India aFinancial markets aPradhan, H.K. aVikalpa